Vastus (Record no. 3935)

MARC details
000 -CABECERA
campo de control de longitud fija 00675nam a2200217 a 4500
001 - NÚMERO DE CONTROL
campo de control BRCA_4224
005 - FECHA Y HORA DE LA ÚLTIMA TRANSACCIÓN
campo de control 20190320204606.0
008 - DATOS DE LONGITUD FIJA--INFORMACIÓN GENERAL
campo de control de longitud fija 100610s1941----ag-a######---#000-0#spa-#
041 ## - CÓDIGO DE LENGUA
Código de lengua del texto/banda sonora o título independiente spa
044 ## - CÓDIGO DEL PAÍS DE LA ENTIDAD EDITORA/PRODUCTORA
Código MARC del país ag
050 #4 - SIGNATURA TOPOGRÁFICA DE LA BIBLIOTECA DEL CONGRESO
Número de clasificación AE61
Número de documento/Ítem .V37 1941
245 10 - MENCIÓN DE TÍTULO
Título Vastus
Resto del título diccionario enciclopédico ilustrado de la lengua castellana.
260 ## - PUBLICACIÓN, DISTRIBUCIÓN, ETC.
Lugar de publicación, distribución, etc. Buenos Aires
Nombre del editor, distribuidor, etc. Sopena Argentina
Fecha de publicación, distribución, etc. 1941
300 ## - DESCRIPCIÓN FÍSICA
Extensión 1544 p.
Otras características físicas il. (algunas a color), mapas
Dimensiones 15 cm.
500 ## - NOTA GENERAL
Nota general Incluye un atlas a colores
500 ## - NOTA GENERAL
Nota general Diccionario inventariado por Banco de México como libro
500 ## - NOTA GENERAL
Nota general AM36
650 14 - PUNTO DE ACCESO ADICIONAL DE MATERIA--TÉRMINO DE MATERIA
Término de materia o nombre geográfico como elemento de entrada Enciclopedias y diccionarios
Subdivisión geográfica Buenos Aires
9 (RLIN) 10887
902 ## - CATALOGADOR
Iniciales GFM
942 ## - ELEMENTOS DE PUNTO DE ACCESO ADICIONAL (KOHA)
Fuente del sistema de clasificación o colocación Library of Congress Classification
Tipo de ítem Koha Libros
Holdings
Estado de retiro Estado de pérdida Estado dañado No para préstamo Localización permanente Ubicación/localización actual Fecha de adquisición Número de inventario Total de préstamos Signatura topográfica completa Código de barras Fecha visto por última vez Precio válido a partir de Tipo de ítem Koha
El ejemplar forma parte de la colección y puede ser consultado según las políticas vigentes.       Biblioteca del Museo Franz Mayer (Rogerio Casas-Alatriste) Biblioteca del Museo Franz Mayer (Rogerio Casas-Alatriste) 10/06/2010 AM36   AE61 .V37 1941 (AM36) 4221 22/03/2019 22/03/2019 Libros